00497nam a2200121Ia 4500008004100000100002600041245010100067245002500168260000900193300002800202440005200230650009300282171207s9999 xx 000 0 und d aProyrungroj, Raweewan aOrphan Volunteer Tourism in Thailand: Volunteer Tourists’ Motivations And On-Site Experiences  cRaweewan Proyrungroj c2017 apages 560-59, June 2017 aJournal of Hospitality & Tourism Researchv41:5 aORPHAN VOLUNTEER TOURISM, VOLUNTEER TOURISTS, MOTIVATIONS, ON-SITE EXPERIENCES, THAILAND